| 000 | 01139cam a22001935a 4500 | ||
|---|---|---|---|
| 001 | L149860 | ||
| 008 | 100505e2010 xxk 000 0 eng d | ||
| 035 | _a(Sirsi) u149860 | ||
| 041 | 0 | _aeng | |
| 100 | 1 | _aKellerman, Ewald | |
| 245 | 0 | 4 | _aThe future of AVM modelling |
| 260 | _c2010 | ||
| 490 | 0 |
_aThe South African Valuer _v(100) February 2010, 7-11(5) |
|
| 520 | _aThe use of Automated Valuation Models (AVMs) by banks in South Africa as an alternative to physical inspections has changed in an era of economic stress. Examines the inner workings of AVMs and discusses the positioning, use and future of AVM modelling in South Africa. Concludes that physical inspections and AVMs should be move closer together, progressing more towards the traditional physical valuation based approaches and cost based approaches as the electronic valuation industry matures. Although AVMs are here to stay in South Africa, physical valuations remain essential to enhance and sustain AVM quality. | ||
| 590 | _aKA | ||
| 651 | 4 | _aSouth Africa | |
| 690 | _aPROPERTY-RESIDENTIAL PROPERTY-RESIDENTIAL PROPERTY APPRAISAL AND VALUATION | ||
| 942 | _n0 | ||
| 999 |
_c82307 _d82307 |
||